000 00318nam a2200133Ia 4500
008 230917s9999||||xx |||||||||||||| ||und||
040 _e119535
_aMAIN
041 _aEnglish
082 _a547.139 M896K
100 _aMukhragi
245 0 _aReaction mechanism in organic Chemistry
300 _a388p. p.
942 _cBK
999 _c231750
_d231750